000 00219nam a22000857a 4500
082 _a005.1 SMA'P
245 _aSMALL COMPUTER HANDBOOK :PDP 8/E PDP 8/M AND PDP 8/E
260 _aUSA
_bDIGITAL EQUIPMENYS
_c1973
942 _cBK
999 _c578038
_d578038